Statistiques concernant Villes d'Aquitaine par département

Cliquez ici pour prendre le quiz!

Statistiques générales

  • Ce quiz a été pris 48 fois
  • Le résultat moyen est 15 sur 25

Statistiques - réponses

VillePopulation% Correct
Bordeaux261 804
100%
Bayonne52 749
96%
Biarritz25 764
93%
Mont-de-Marsan30 674
93%
Pau77 066
93%
Dax21 347
91%
Mérignac75 729
87%
Périgueux29 516
82%
Agen32 485
80%
Bergerac26 323
78%
Pessac66 760
76%
Anglet41 153
73%
Talence45 225
58%
Marmande17 239
53%
Hendaye17 796
49%
Sarlat-la-Canédat8 812
49%
Biscarosse14 551
44%
Villeneuve-sur-Lot21 629
42%
Villenave-d'Ornon40 500
33%
Saint-Paul-lès-Dax14 317
29%
Le Passage9 373
20%
Tonneins9 337
20%
Trélissac7 268
18%
Boulazac Isle Manoire10 697
16%
Tarnos12 920
16%

Distribution des résultats

Percentile par nombre de réponses

% des personnes avec chaque résultat

Votre développement - résultats

Vous n’avez pas pris ce quiz